[Event "Nordic Championships"]
[Site "Bergen NOR"]
[Date "2001.08.06"]
[Round "3"]
[White "Stokstad,P"]
[Black "Fyllingen,R"]
[Result "1-0"]
[WhiteElo "2195"]
[BlackElo "2389"]

1.d4 Nf6 2.c4 e6 3.g3 Bb4+ 4.Nc3 O-O 5.Bg2 d5 6.Bg5 dxc4 7.Qa4 a5 8.a3 Bd7
9.Qc2 Bc6 10.Bxc6 Nxc6 11.axb4 Nxd4 12.Qd1 Nb3 13.b5 Nxa1 14.Qxa1 Qd6 15.Bxf6 gxf6
16.Nf3 Rfd8 17.O-O Qc5 18.Qc1 Qf5 19.Kg2 Kg7 20.e4 Qh5 21.Nd1 Qxb5 22.Ne3 h5
23.Nxc4 Qc5 24.e5 Qe7 25.exf6+ Qxf6 26.Ncd2 c6 27.Ne4 Qf5 28.Re1 Rd3 29.Neg5 Rd5
30.Qc3+ Qf6 31.Qc2 Rxg5 32.Nxg5 Qxg5 33.Qc3+ Qf6 34.Re5 Kf8 35.Rxa5 Rxa5
36.Qxf6 Rf5 37.Qd8+ Kg7 38.Qd4+ Kh7 39.b4 Kg6 40.h3 Rb5 41.f4 Rd5 42.Qc3 Rb5
43.Kf3 Rd5 44.Qh8 Rd3+ 45.Kf2 Rd5 46.Ke3 Rb5 47.Kd3 Rd5+ 48.Ke3 Rb5 49.g4 hxg4
50.hxg4 Rd5 51.g5 Rd7 52.Qg8+ Kf5 53.Qe8  1-0

[Event "7th Stage Russian Cup"]
[Site "Togliatty RUS"]
[Date "2001.08.10"]
[Round "3"]
[White "Belozerov,A"]
[Black "Piraev,P"]
[Result "1-0"]
[WhiteElo "2507"]
[BlackElo "2404"]

1.d4 Nf6 2.c4 e6 3.g3 Bb4+ 4.Bd2 Bxd2+ 5.Qxd2 d6 6.Nc3 O-O 7.Nf3 Nbd7 8.Bg2 c6
9.O-O Qe7 10.e4 e5 11.Rad1 Re8 12.Rfe1 a6 13.b4 b5 14.c5 a5 15.a3 axb4 16.axb4 dxc5
17.dxc5 Nf8 18.Nh4 g6 19.Qd6 Ra3 20.Nb1 Rb3 21.Qxc6 Rxb4 22.Nc3 Rc4 23.Nd5 Nxd5
24.exd5 Bd7 25.d6 Qxh4 26.gxh4 Bxc6 27.Bxc6 Rc8 28.d7 Nxd7 29.Bxd7 R8xc5
30.h5 gxh5 31.Re3 b4 32.Bf5 h4 33.Rde1 Rf4 34.Bh3 f6 35.Re4 Rc1 36.Rxe5 fxe5
37.Rxc1 Kf7 38.Rc7+ Kg6 39.Be6 h6 40.Kg2 Kf6 41.Bb3 Rg4+ 42.Kf3 h5 43.Rc4 Kf5
44.h3 Rf4+ 45.Rxf4+ exf4 46.Ke2  1-0

[Event "Nordic Championships"]
[Site "Bergen NOR"]
[Date "2001.08.11"]
[Round "8"]
[White "Crapis,F"]
[Black "Harestad,H"]
[Result "1-0"]
[WhiteElo "2030"]
[BlackElo "2196"]

1.d4 Nf6 2.c4 e6 3.g3 Bb4+ 4.Bd2 Qe7 5.Bg2 O-O 6.Nc3 d6 7.Qb3 c5 8.e3 Nc6
9.a3 Bxc3 10.Bxc3 cxd4 11.exd4 e5 12.d5 Nd4 13.Qd1 Bg4 14.f3 Bf5 15.Kf2 Nd7
16.Nh3 Nc5 17.Bf1 Nxf3 18.b4 Ne4+ 19.Kxf3 Nxc3 20.Qd2 Be4+ 21.Kf2 Bxh1 22.Qxc3 Be4
23.Kg1 a5 24.Re1 Bf5 25.c5 axb4 26.axb4 Rfc8 27.c6 bxc6 28.dxc6 Ra2 29.b5 Qa7+
30.Qe3 Qa5 31.Nf4 Ra3 32.Qe2 Qa7+ 33.Kh1 Qc5 34.Bg2 Be6 35.Nxe6 fxe6 36.Qg4 Re8
37.Rb1 Rb3 38.Rf1 Qxb5 39.Qd1 Rb2 40.Qxd6 Rb1 41.Kg1 Rxf1+ 42.Bxf1 Qd5 43.Qxd5 exd5
44.Bh3 Re7 45.Bd7 Kf7 46.c7 Rxd7 47.c8=Q Re7 48.Kf2 d4 49.Ke2 e4 50.Qc4+ Kf8
51.Qxd4 e3 52.g4 Kf7 53.g5 Kf8 54.h4 Kf7 55.Qd5+ Kf8 56.h5 Re8 57.Qf5+ Kg8
58.g6 hxg6 59.hxg6 Rf8 60.Qe6+ Kh8  1-0

[Event "TCh-Rep. Srpska"]
[Site "Jahorina BIH"]
[Date "2001.08.14"]
[Round "4"]
[White "Suvajac,M"]
[Black "Jakovljevic,Vlado"]
[Result "0-1"]
[WhiteElo "2221"]
[BlackElo "2355"]

1.d4 Nf6 2.c4 e6 3.g3 Bb4+ 4.Nd2 c5 5.a3 Bxd2+ 6.Qxd2 cxd4 7.Nf3 d5 8.cxd5 Qxd5
9.Qxd4 Nc6 10.Qxd5 Nxd5 11.Bg2 b6 12.O-O Bb7 13.b4 O-O 14.Bb2 a5 15.b5 Na7
16.a4 Nc8 17.Ne5 Rd8 18.Ba3 f6 19.Nc4 Kf7 20.Rac1 Ra7 21.Rfd1 Ke8 22.e4 Nb4
23.Rxd8+ Kxd8 24.Bb2 Ba8 25.Rd1+ Rd7 26.Rxd7+ Kxd7 27.Bd4 Kc7 28.f3 e5 29.Be3 Nc2
30.Bf2 Nd4 31.Bxd4 exd4 32.f4 Ne7 33.Kf2 Ng6 34.Ke2 Nf8 35.Kd3 Ne6 36.Nb2 f5
37.Kc4 fxe4 38.f5 Ng5 39.Kxd4 Nf3+ 40.Bxf3 exf3 41.Nd3 Kd6 42.g4 Bd5 43.Nf2 Bb3
44.Ne4+ Ke7 45.Ke3 Bxa4 46.Nc3 Bb3 47.Kxf3 a4 48.Nb1 Kd6 49.Ke3 Kc5 50.Kd3 Kxb5
51.Kc3 Kc5 52.g5 b5 53.h4 b4+ 54.Kb2 Bf7 55.Nd2 Kb5 56.Nf3 a3+ 57.Ka1 b3  0-1

[Event "7th Stage Russian Cup"]
[Site "Togliatty RUS"]
[Date "2001.08.15"]
[Round "8"]
[White "Grebionkin,Vl"]
[Black "Alekseev,E"]
[Result "1/2-1/2"]
[WhiteElo "2465"]
[BlackElo "2544"]

1.d4 Nf6 2.c4 e6 3.g3 Bb4+ 4.Bd2 Be7 5.Bg2 d5 6.Nf3 O-O 7.O-O c6 8.Bf4 Nbd7
9.Qc2 b6 10.Nbd2 Ba6 11.Rfe1 c5 12.Qa4 Bb7 13.Bg5 h6 14.Bxf6 Bxf6 15.cxd5 Bxd5
16.e4 Bb7 17.e5 Be7 18.Ne4 cxd4 19.Qxd4 Nc5 20.Nd6 Bd5 21.Nb5 Bc6 22.Nd6 Bd5
23.Nh4 Bxg2 24.Nxg2 Qd7 25.Rad1 Rad8 26.Qc4 Qa4 27.Ne3 Bxd6 28.exd6 Qxc4
29.Nxc4 Nd7 30.f4 Rc8 31.Ne5 Nxe5 32.Rxe5 Rfd8 33.f5 exf5  1/2-1/2

[Event "VI Cup IM"]
[Site "Paks HUN"]
[Date "2001.08.20"]
[Round "3"]
[White "Krutti,V"]
[Black "Sebe,R"]
[Result "1-0"]
[WhiteElo "2385"]
[BlackElo "2278"]

1.d4 Nf6 2.c4 e6 3.g3 Bb4+ 4.Bd2 c5 5.Bg2 O-O 6.Nf3 d6 7.Nc3 Qe7 8.O-O Nc6
9.a3 Bxc3 10.Bxc3 Rd8 11.d5 Nb8 12.Nd2 exd5 13.cxd5 b5 14.b4 Bb7 15.e4 Nbd7
16.Re1 Nb6 17.Nb3 Na4 18.Bd2 c4 19.Nd4 Nb2 20.Qc2 Nd3 21.Re2 a6 22.Nf5 Qe8
23.Bc3 Bc8 24.Nxd6 Rxd6 25.e5 Bg4 26.f3 Qd8 27.fxg4 Qb6+ 28.Kh1 Nxg4 29.Bf3 Ndf2+
30.Kg2 Rh6 31.h4 Ne3+ 32.Rxe3 Qxe3 33.Re1 Qd3 34.Qc1 Qf5 35.Kxf2 Re8 36.Kg2 Rb6
37.Be4 Qd7 38.Qe3 Rbb8 39.Qd4 Qe7 40.d6 Qd7 41.Bd5 Kh8 42.Rf1 Rf8 43.Rxf7 Rxf7
44.e6 Qxd6 45.exf7 Qf8 46.h5 h6 47.Qf4 Rb6 48.Bd4  1-0

[Event "ch-ISL"]
[Site "Strandgotu ISL"]
[Date "2001.09.01"]
[Round "2"]
[White "Thorfinnsson,Br"]
[Black "Vidarsson,J"]
[Result "1-0"]
[WhiteElo "2371"]
[BlackElo "2359"]

1.d4 Nf6 2.c4 e6 3.g3 Bb4+ 4.Bd2 Qe7 5.Bg2 Nc6 6.a3 Bxd2+ 7.Qxd2 e5 8.d5 Nd4
9.Qd1 O-O 10.e3 Nf5 11.Ne2 c5 12.Nec3 d6 13.Nd2 Bd7 14.h4 Ne8 15.Bf3 Nh6
16.g4 f5 17.gxf5 Nxf5 18.Be4 h6 19.h5 Qg5 20.Nf3 Qg4 21.Qe2 Nf6 22.Bc2 Rae8
23.Nd2 Ne7 24.f3 Qg3+ 25.Kd1 e4 26.Ncxe4 Nxe4 27.Bxe4 Nf5 28.Kc2 Qe5 29.f4 Qf6
30.Rag1 Re7 31.Qd3 Rfe8 32.Rg6 Qf8 33.Rhg1 Kh8 34.Kc1 Nh4 35.Rxd6 Rxe4 36.Nxe4 Bf5
37.Re6 Bxe6 38.dxe6 Rxe6 39.Nc3 Nf5 40.e4 Nd4 41.Nd5 Qf7 42.f5 Re8 43.Rg6 Nc6
44.Qe3 Ne5 45.Rxh6+ gxh6 46.Qxh6+ Qh7 47.Qxh7+ Kxh7 48.Nf6+ Kh6 49.Nxe8 Nxc4
50.f6 Ne5 51.Nd6 Kxh5 52.f7 Nd7 53.e5 Nf8 54.Kd2 Kg6 55.Ke3 Kg7 56.Ke4 b6
57.Kf5 Ng6 58.e6 Ne7+ 59.Kg5 Nd5 60.Nf5+ Kf8 61.Kg6 Nf4+ 62.Kf6  1-0

[Event "III Sants Hostafrancs Open"]
[Site "Barcelona ESP"]
[Date "2001.09.04"]
[Round "4"]
[White "Ferran Biosca,R"]
[Black "Oms Pallise,J"]
[Result "0-1"]
[WhiteElo "2217"]
[BlackElo "2424"]

1.d4 Nf6 2.c4 e6 3.g3 Bb4+ 4.Bd2 a5 5.Bg2 d6 6.Nf3 Nbd7 7.O-O e5 8.a3 Bxd2
9.Qxd2 O-O 10.Nc3 a4 11.e3 c6 12.Qc2 Qa5 13.Nd2 Rd8 14.Nde4 exd4 15.exd4 Nxe4
16.Nxe4 Nf8 17.Rfe1 d5 18.cxd5 Rxd5 19.Nc5 Rxd4 20.Re7 Qd8 21.Re4 Rd2 22.Qc3 b6
23.Rae1 bxc5 24.Qxc5 Be6  0-1

[Event "EYCC G18"]
[Site "Halkidiki GRE"]
[Date "2001.09.08"]
[Round "8"]
[White "Shabanaj,A"]
[Black "Pahor,A"]
[Result "1-0"]
[WhiteElo "2050"]
[BlackElo "2040"]

1.d4 Nf6 2.c4 e6 3.g3 Bb4+ 4.Bd2 c5 5.Bxb4 cxb4 6.Bg2 Qc7 7.Nd2 d6 8.Ngf3 O-O
9.O-O Bd7 10.Rc1 a5 11.e4 Nc6 12.d5 Nb8 13.Re1 e5 14.Qc2 Na6 15.Rf1 Rac8
16.Ne1 b5 17.b3 a4 18.Nd3 bxc4 19.bxc4 Qb6 20.Rb1 Qa5 21.Qb2 Rb8 22.Rfc1 Rfc8
23.Qc2 Be8 24.Qb2 Nd7 25.Bh3 Rc7 26.Bxd7 Bxd7 27.Kg2 f5 28.f3 Qb6 29.Re1 Rcb7
30.Qc2 Qc7 31.Rec1 Nc5 32.Nxc5 Qxc5 33.Qd3 g6 34.h3 Qc8 35.h4 Kg7 36.Qe3 Rc7
37.h5 Qd8 38.hxg6 hxg6 39.Rh1 g5 40.f4 g4 41.fxe5 Qf8 42.Qh6+ Kf7 43.Qf6+ Ke8
44.Rh8  1-0

[Event "6th ECCW"]
[Site "Belgrade YUG"]
[Date "2001.09.18"]
[Round "3"]
[White "Olarasu,G"]
[Black "Ovod,E"]
[Result "1/2-1/2"]
[WhiteElo "2312"]
[BlackElo "2327"]

1.d4 Nf6 2.c4 e6 3.g3 Bb4+ 4.Bd2 Qe7 5.Bg2 Nc6 6.Nf3 Bxd2+ 7.Nbxd2 d6 8.O-O a5
9.b3 O-O 10.a3 e5 11.d5 Nb8 12.e4 Na6 13.b4 axb4 14.axb4 Bd7 15.Qb3 g6 16.Ne1 Nc5
17.Qb1 Na4 18.Qc2 Ra7 19.Nd3 Rfa8 20.Ra2 Nb6 21.Rxa7 Rxa7 22.c5 Nc8 23.Rc1 Ne8
24.Nc4 f6 25.Qc3 Bb5 26.Bh3 Bd7 27.Bf1 f5 28.exf5 Bxf5 29.Ne3 Bxd3 30.Qxd3 Qf8
31.Qc2 Ne7 32.Bh3 Kg7 33.Qb2 Qf3 34.Bg2 Qf6 35.Ra1 Rxa1+ 36.Qxa1 Nf5 37.Nxf5+ Qxf5
38.cxd6 cxd6 39.Qa8 Qd7 40.Bh3 Qxh3 41.Qxe8 Qf5 42.Qe7+ Kh6 43.Qh4+ Kg7 44.Qc4 Qd7
45.Kg2 h5 46.h4 Kf6 47.f3 Ke7 48.g4 hxg4 49.fxg4 Kd8 50.b5 Qe7 51.b6 Qxh4
52.Qc7+ Ke8 53.Qc8+ Qd8 54.Qxb7 Qg5 55.Qc6+ Ke7 56.Qc7+ Ke8 57.Qc8+ Kf7 58.Qc4 Qd2+
59.Kf1 Qd1+ 60.Kf2 Qd2+ 61.Qe2 Qd4+ 62.Qe3 Qb2+ 63.Kg3 Ke8 64.Qe4 Qxb6 65.Qxg6+ Kf8
66.Qf6+ Kg8 67.Kh4 Qc7 68.Qe6+ Kg7  1/2-1/2

[Event "TCh-CRO Women"]
[Site "Pula CRO"]
[Date "2001.09.18"]
[Round "9"]
[White "Relic Radakovic,R"]
[Black "Belamaric,T"]
[Result "1-0"]
[WhiteElo "2085"]
[BlackElo "2150"]

1.d4 Nf6 2.c4 e6 3.g3 Bb4+ 4.Bd2 c5 5.Bxb4 cxb4 6.Bg2 d5 7.Nf3 O-O 8.O-O Nc6
9.Nbd2 Rb8 10.Rc1 Re8 11.e3 Qe7 12.Ne5 Nxe5 13.dxe5 Nd7 14.f4 Nb6 15.c5 Nd7
16.Nb3 a5 17.Qd4 Ra8 18.e4 dxe4 19.Nd2 f5 20.exf6 Nxf6 21.Nxe4 e5 22.Nxf6+ gxf6
23.fxe5 fxe5 24.Bd5+ Kh8 25.Qe4 Be6 26.Qxe5+ Qg7 27.Qxg7+ Kxg7 28.Bxb7 Rab8
29.c6 Bc8 30.Rfe1 Bxb7 31.Rxe8 Rxe8 32.cxb7 Rb8 33.Rc7+ Kg6 34.Kf2 h5 35.Ke3 Kg5
36.Kd4  1-0

[Event "6th ECCW"]
[Site "Belgrade YUG"]
[Date "2001.09.20"]
[Round "5"]
[White "Olarasu,G"]
[Black "Galianina Ryjanova,J"]
[Result "0-1"]
[WhiteElo "2312"]
[BlackElo "2335"]

1.d4 Nf6 2.c4 e6 3.g3 Bb4+ 4.Bd2 Qe7 5.Nf3 Nc6 6.Nc3 Bxc3 7.Bxc3 Ne4 8.Rc1 O-O
9.Bg2 d6 10.d5 Nd8 11.O-O e5 12.Be1 a5 13.Qc2 f5 14.b3 Nf7 15.a3 Bd7 16.Nd2 Nf6
17.c5 e4 18.c6 bxc6 19.dxc6 Be6 20.Nc4 Bxc4 21.Qxc4 Rfb8 22.Bc3 Kh8 23.Bxf6 Qxf6
24.f4 h5 25.Rb1 Nd8 26.b4 axb4 27.Rxb4 Rxb4 28.axb4 Qb2 29.Rd1 Rb8 30.b5 Rxb5
31.Rxd6 cxd6 32.c7 Rb8 33.cxb8=Q Qxb8 34.e3 Qb6 35.Kf2 Kh7 36.Bf1 Qc5 37.Qa4 Nc6
38.Be2 d5 39.Bxh5 d4 40.exd4 Nxd4 41.Kg2 g6 42.Qd7+ Kh6 43.Bd1 Nf3 44.Bxf3 Qc2+
45.Be2 Qxe2+ 46.Kh3 Qf1+ 47.Kh4 Qg2  0-1

[Event "Boca Open"]
[Site "Buenos Aires ARG"]
[Date "2001.09.24"]
[Round "6"]
[White "Hoffman,A"]
[Black "Dorin,M"]
[Result "1-0"]
[WhiteElo "2481"]
[BlackElo "2410"]

1.d4 Nf6 2.c4 e6 3.g3 Bb4+ 4.Bd2 a5 5.Bg2 d5 6.Nf3 O-O 7.O-O dxc4 8.Qc2 b5
9.a4 Bxd2 10.Nfxd2 Ra7 11.axb5 Qxd4 12.Nxc4 Qc5 13.Qb3 e5 14.Rxa5 Rxa5 15.Nxa5 Be6
16.Qa4 Nfd7 17.Nc3 Nb6 18.Qa3 N8d7 19.b4 Nc4 20.Nxc4 Qxc4 21.Rc1 Nb6 22.e3 Qd3
23.Rd1 Qc2 24.Be4 Qb3 25.Qxb3 Bxb3 26.Ra1 f5 27.Bc6 e4 28.Ne2 g6 29.Nd4 Bc4
30.g4 fxg4 31.Bxe4 Kg7 32.Rc1 Re8 33.Bg2 Re7 34.Nc6 Re8 35.Na5 Bxb5 36.Rxc7+ Kh6
37.Rb7 Rd8 38.Bc6 Rd1+ 39.Kg2 Bxc6+ 40.Nxc6 Nc4 41.b5 Rb1 42.Nd4 Rb2 43.Re7 Kg5
44.Re4 Nd6 45.Re5+ Kh4 46.Rc5 Rxf2+ 47.Kxf2 Ne4+ 48.Kg2 Nxc5 49.b6 Nb7 50.Ne6 h5
51.e4 g3 52.h3 g5 53.Nd4 g4 54.Nf5+  1-0

[Event "ECC"]
[Site "Panormo GRE"]
[Date "2001.09.24"]
[Round "2"]
[White "Nikolaidis,I"]
[Black "Horvath,Ad"]
[Result "1/2-1/2"]
[WhiteElo "2531"]
[BlackElo "2504"]

1.d4 Nf6 2.c4 e6 3.g3 Bb4+ 4.Bd2 Qe7 5.Bg2 Nc6 6.e3 e5 7.d5 Nb8 8.Ne2 a5
9.O-O Na6 10.Nbc3 Nc5 11.b3 d6 12.a3 Bxc3 13.Nxc3 a4 14.Nxa4 Nxa4 15.bxa4 b6
16.a5 bxa5 17.c5 O-O 18.Qc2 Ba6 19.Rfc1 e4 20.cxd6 cxd6 21.Bxa5 Bd3 22.Qc7 Nxd5
23.Qxe7 Nxe7  1/2-1/2

[Event "ECC"]
[Site "Panormo GRE"]
[Date "2001.09.29"]
[Round "7"]
[White "Ben Menachem,I"]
[Black "Asmundsson,I"]
[Result "1/2-1/2"]
[WhiteElo "2331"]
[BlackElo "2359"]

1.d4 Nf6 2.c4 e6 3.g3 Bb4+ 4.Bd2 Be7 5.Bg2 d5 6.Qc2 O-O 7.Nf3 Ne4 8.O-O c6
9.Nc3 f5 10.Rad1 Nd7 11.Bc1 Qe8 12.Ne1 Bf6 13.f3 Nxc3 14.bxc3 dxc4 15.f4 Nb6
16.e4 fxe4 17.Bxe4 g6 18.Qe2 Qe7 19.Nf3 c5 20.Ba3 Na4 21.Qxc4 b5 22.Qxb5 Nxc3
23.Bxc5 Nxb5 24.Bxe7 Bxe7 25.Bxa8 Ba6 26.Bc6 Nc3 27.Bd7 Nxd1 28.Bxe6+ Kg7
29.Rxd1 Be2 30.Rf1 Bxf1 31.Kxf1 a5 32.Ke2 Rb8 33.Kd3 Rb2 34.Bc4 Bb4 35.a4 Kf6
36.Bb5 h6 37.Ke3 Rc2  1/2-1/2

[Event "October Training"]
[Site "Singapore SIN"]
[Date "2001.10.13"]
[Round "3"]
[White "Koh Kum Hong"]
[Black "Sawalani,N"]
[Result "0-1"]
[WhiteElo "2258"]
[BlackElo "2172"]

1.d4 Nf6 2.c4 e6 3.g3 Bb4+ 4.Bd2 Be7 5.Bg2 d5 6.Nf3 O-O 7.O-O c6 8.Qc2 b6
9.b3 Nbd7 10.Nc3 Ba6 11.Nd1 Rc8 12.Nb2 c5 13.dxc5 Nxc5 14.Rfd1 Nce4 15.Be1 b5
16.e3 bxc4 17.bxc4 Qe8 18.Bf1 dxc4 19.Rd4 Bb7 20.Ne5 c3 21.Na4 Bd6 22.Nc4 Bb8
23.Bg2 e5 24.Nxe5 Bxe5 25.Rb4 Bc6 26.Rab1 Bd6 27.Rd4 Bb8 28.Rc4 Ba8 29.Rcb4 a5
30.Rd4 Ba7 31.Nb6 Rb8 32.Nxa8 Rxb1 33.Qxb1 Bxd4 34.exd4 Qxa8 35.Qc2 Qd5 36.Bxc3 Qc4
37.Bxe4 Nxe4 38.Qxe4 Qxc3 39.d5 Rd8 40.Qe7 Qc8 41.d6 Qd7 42.Qe5 Qxd6 43.Qxa5 Qd1+
44.Kg2 Qd5+ 45.Qxd5 Rxd5 46.a3 Ra5 47.a4 Rxa4 48.Kf3 f5 49.h3 Kf7 50.Kg2 Ra3
51.Kf1 Kf6 52.Ke2 Ke5 53.Kf1 Ke4 54.Kg2 g5  0-1

[Event "Sportland NRW Cup"]
[Site "Senden GER"]
[Date "2001.10.19"]
[Round "7"]
[White "Lingnau,C"]
[Black "Kacheishvili,G"]
[Result "0-1"]
[WhiteElo "2418"]
[BlackElo "2583"]

1.d4 Nf6 2.c4 e6 3.g3 Bb4+ 4.Bd2 Be7 5.Bg2 d5 6.Nf3 O-O 7.O-O c6 8.Qc2 b6
9.Bf4 Bb7 10.Rd1 Nbd7 11.Nc3 Rc8 12.b3 c5 13.Nb5 cxd4 14.Nxa7 Rc5 15.Nb5 dxc4
16.bxc4 e5 17.Bd2 Bd5  0-1

[Event "October Training"]
[Site "Singapore SIN"]
[Date "2001.10.20"]
[Round "5"]
[White "Koh Kum Hong"]
[Black "Chan Peng Kong"]
[Result "1-0"]
[WhiteElo "2258"]
[BlackElo "2383"]

1.d4 Nf6 2.c4 e6 3.g3 Bb4+ 4.Bd2 Qe7 5.Bg2 Nc6 6.Nf3 Bxd2+ 7.Nbxd2 d6 8.O-O O-O
9.e4 e5 10.d5 Nb8 11.Ne1 a5 12.Nd3 Na6 13.b3 Bg4 14.f3 Bd7 15.a3 c6 16.Re1 Ne8
17.b4 cxd5 18.exd5 Bf5 19.Ne4 Nf6 20.Qd2 Rfc8 21.Rec1 Rc7 22.c5 Bxe4 23.fxe4 dxc5
24.b5 Nb8 25.b6 Rc8 26.Nb2 Rd8 27.Qc3 Nbd7 28.Nc4 Ra6 29.Rab1 g6 30.Rb2 Kg7
31.Rcb1 Rda8 32.a4 Ne8 33.Bh3 f6 34.Bf1 Rc8 35.Bd3 Raa8 36.Qa3 Nd6 37.Nd2 Kf7
38.Rc2 c4 39.Bf1 Rc5 40.Bh3 Rac8 41.Be6+ Kf8 42.Qe3 Kg7 43.Rbc1 c3 44.Rxc3 Rxc3
45.Rxc3 Rxc3 46.Qxc3 Nxb6 47.Qxa5 Nbc4 48.Nxc4 Nxc4 49.Qb5 Qc7 50.Qb4 Qb6+
51.Qxb6 Nxb6 52.d6 Kf8 53.a5 Na4 54.Bc8  1-0

[Event "XVII Moratalaz Open"]
[Site "Madrid ESP"]
[Date "2001.10.27"]
[Round "9"]
[White "Lalic,B"]
[Black "Pogorelov,R"]
[Result "1/2-1/2"]
[WhiteElo "2528"]
[BlackElo "2401"]

1.d4 Nf6 2.c4 e6 3.g3 Bb4+ 4.Bd2 Qe7 5.Nf3 Nc6 6.Bg2 Bxd2+ 7.Nbxd2 d6 8.Nf1 O-O
9.Ne3 a5 10.O-O Bd7 11.d5 Nb4 12.dxe6 fxe6 13.Nd4 Nc6 14.Nb5 Be8 15.b3 Bg6
16.Nc3 Rad8 17.Qd2 Qf7 18.Rad1 Rd7 19.f4 Qe7 20.g4 h6 21.Kh1 Bf7 22.Qe1 Rfd8
23.Bf3 d5 24.g5 hxg5 25.fxg5 Ne4 26.Nxe4 dxe4 27.Rxd7 Rxd7 28.Bxe4 Qxg5 29.Qf2 Qe5
30.Qg2 Bh5 31.Ng4 Bxg4 32.Qxg4 Rd4 33.Rf4 g5 34.Bh7+ Kg7 35.Rxd4 Nxd4 36.Bd3 Kf6
37.h4 gxh4 38.Qxh4+ Kf7 39.Qd8 Qh5+ 40.Kg2 Qg4+ 41.Kf2 Qf4+ 42.Kg2 Qg4+  1/2-1/2

[Event "WYG16"]
[Site "Oropesa del Mar ESP"]
[Date "2001.10.29"]
[Round "8"]
[White "Papadopoulou,V"]
[Black "Khukhashvili,S"]
[Result "0-1"]
[WhiteElo "2151"]
[BlackElo "2333"]

1.d4 Nf6 2.c4 e6 3.g3 Bb4+ 4.Bd2 Be7 5.Bg2 d5 6.Nf3 O-O 7.O-O dxc4 8.Qc2 a6
9.Qxc4 b5 10.Qc2 Bb7 11.Bg5 Nc6 12.Rd1 Nb4 13.Qc1 Rc8 14.a3 Nbd5 15.Bxf6 Nxf6
16.Nc3 Qd6 17.b4 Rfd8 18.Ne5 Bxg2 19.Kxg2 c6 20.e3 Qc7 21.Nd3 Ra8 22.Qc2 a5
23.Kg1 Ra7 24.Ra2 Nd7 25.Rc1 Rc8 26.Qb3 Qb6 27.Rcc2 Rca8 28.Ne5 g6 29.h3 Ra6
30.Kh2 h6 31.f4 Qa7 32.Nf3 Bf8 33.Ne5 Nxe5 34.fxe5 Qe7 35.Rcb2 h5 36.Qd1 Qg5
37.Qf3 Bh6 38.Qf4 Qxf4 39.exf4 Bf8 40.Kg2 Kg7 41.Kf2 axb4 42.axb4 Ra3 43.Rxa3 Rxa3
44.Ne2 Be7 45.Rc2 Ra6 46.Rb2 Kf8 47.Rb3 Ra4 48.Rc3 Ra6 49.Rb3 Ra4 50.Rc3 Ra6
51.Rb3 Ra2 52.Rc3 Bxb4 53.Rxc6 Bd2 54.Rb6 Rb2 55.Kf3 Rb3+ 56.Kf2 Rd3 57.Kg2 Kg7
58.g4 hxg4 59.hxg4 Kf8 60.Kf1 Ke8 61.Kg2 Rb3 62.Kf2 Rb1 63.f5 gxf5 64.gxf5 b4
65.f6 b3 66.d5 exd5  0-1

[Event "Chigorin Mem Open"]
[Site "St Petersburg RUS"]
[Date "2001.10.29"]
[Round "4"]
[White "Vaulin,A"]
[Black "Bocharov,D"]
[Result "0-1"]
[WhiteElo "2548"]
[BlackElo "2425"]

1.d4 Nf6 2.c4 e6 3.g3 Bb4+ 4.Bd2 Qe7 5.Bg2 Nc6 6.e3 e5 7.d5 Nb8 8.Nc3 O-O
9.Nge2 a5 10.a3 Bxc3 11.Bxc3 d6 12.b3 Bf5 13.f3 c6 14.g4 Bd7 15.Ng3 cxd5
16.cxd5 Rc8 17.Rc1 Na6 18.O-O Nc5 19.Rf2 Qd8 20.g5 Ne8 21.f4 Bb5 22.Bh3 Nd3
23.Bxc8 Rxc8 24.Rcc2 Nxf2 25.Kxf2 a4 26.b4 Rc4 27.Qf3 Qc8 28.e4 g6 29.fxe5 dxe5
30.Nf1 Nd6 31.Nd2 Rd4 32.Bxd4 Qxc2 33.Be3 Bd3 34.Kg3 Nxe4+ 35.Nxe4 Bxe4 36.Qf2 Qd1
37.Qf6 Qxd5 38.Qe7 Bg2 39.h4 Qf3+ 40.Kh2 Qh3+ 41.Kg1 Qxe3+ 42.Kxg2 Qe4+ 43.Kg3 Qf4+  0-1

[Event "Chigorin Mem Open"]
[Site "St Petersburg RUS"]
[Date "2001.10.31"]
[Round "6"]
[White "Lysyj,I"]
[Black "Shkapenko,P"]
[Result "1-0"]
[WhiteElo "2314"]
[BlackElo "2191"]

1.d4 Nf6 2.c4 e6 3.g3 Bb4+ 4.Bd2 Qe7 5.Bg2 Nc6 6.Nf3 Bxd2+ 7.Nbxd2 d6 8.O-O O-O
9.Qc2 e5 10.d5 Nb8 11.e4 a5 12.b3 c6 13.Rfc1 cxd5 14.cxd5 Na6 15.Nc4 Qd8
16.Qe2 Rb8 17.Nfd2 b5 18.Nb2 Nc5 19.Nd3 Nfd7 20.a3 Nxd3 21.Qxd3 Nc5 22.Qe3 f5
23.b4 f4 24.Qc3 Na6 25.Nb3 a4 26.Na5 Qb6 27.Ra2 Bd7 28.Nc6 Rbe8 29.Rac2 g5
30.Qd3 Bg4 31.Rc3 Rf7 32.h3 Bh5 33.g4 Bg6 34.Bf3 Nc7 35.Na5 Rd7 36.Rc6 Qa7
37.Qc2 Ree7 38.Qd3 Rg7 39.R6c2 h6 40.Qc3 Be8 41.Qc6 Kh7 42.Qc3 Kg8 43.Qd3 Kh7
44.Kg2 Kg8 45.Rc3 Rh7 46.Qd1 Rhg7 47.R1c2 Kf8 48.Qc1 Rh7 49.Rc6 Rhf7 50.R2c3 Rg7
51.Be2 Qb8 52.Rc2 Rh7 53.R2c3 Rhg7 54.f3 h5 55.Qg1 hxg4 56.hxg4 Rh7 57.Qb6 Qd8
58.Kf2 Qe7 59.Ke1 Nxd5 60.exd5 e4 61.Qd4 Rh1+ 62.Kd2 e3+ 63.Kc2 Qh7+ 64.Rd3 Qh2
65.Qf6+ Kg8 66.Rxe3 fxe3 67.Kd3 Qh7+ 68.Kd4 Rh2 69.Rc8 Qf7 70.Qe6  1-0

[Event "2nd It"]
[Site "Odivelas POR"]
[Date "2001.11.11"]
[Round "6"]
[White "Dias,P"]
[Black "Roeder,M"]
[Result "0-1"]
[WhiteElo "2285"]
[BlackElo "2469"]

1.d4 Nf6 2.c4 e6 3.g3 Bb4+ 4.Bd2 Be7 5.Bg2 d5 6.Nf3 O-O 7.O-O c6 8.Bc3 b5
9.c5 a5 10.b4 Ne4 11.a3 Bd7 12.Qc2 f6 13.Nbd2 Nxc3 14.Qxc3 Be8 15.e4 dxe4
16.Nxe4 Bf7 17.Ned2 a4 18.Rae1 Qd7 19.h4 Na6 20.Re2 Nc7 21.Rfe1 Rae8 22.Bh3 Bd8
23.Ne4 Nd5 24.Qc1 Bc7 25.Nc3 Re7 26.Nxd5 Qxd5 27.Bg2 Qd7 28.Qe3 Rfe8 29.Bh3 Qd5
30.Qe4 e5 31.dxe5 Bxe5 32.Nxe5 Rxe5 33.Qxd5 Bxd5 34.Rxe5 Rxe5 35.Rxe5 fxe5
36.Bf5 h6 37.Bg6 Kf8 38.g4 Ke7 39.g5 hxg5 40.hxg5 Ke6 41.Kf1 Bf3 42.Ke1 Kd5
43.Kd2 Kd4 44.Bf7 Ke4 45.g6 Kf4 46.Be8 Bd5 47.Ke2 Kg5 48.Bf7 Be4 49.Ke3 Bxg6
50.Be6 Bf5 51.Bf7 Bd7 52.Ke4 Kf6 53.Bh5 Be6 54.Ke3 Bd5 55.Bg4 Kg5 56.Bd7 Kh4
57.Bc8 g5 58.Bd7 g4 59.Bc8 Bf3 60.Bd7 Kh3 61.Bf5 Kg2 62.Bd3 Kg1 63.Bf5 Kf1
64.Bd3+ Ke1 65.Bc2 e4 66.Bb1 Kd1 67.Bxe4 Bxe4 68.Kxe4 Kc2 69.Ke5 Kb3 70.Kd6 Kxa3
71.Kxc6 Kxb4 72.Kd5 a3 73.c6 a2 74.c7 a1=Q 75.c8=Q Qa2+ 76.Kd6 Qd2+ 77.Ke7 Qe2+
78.Kd6 Qd3+ 79.Ke7 Qe4+ 80.Kf8 Kb3 81.Qd7 b4 82.Kg7 Kc3 83.Qc7+ Qc4 84.Qg3+ Kc2
85.Kh6 b3 86.f4 Qe2 87.f5 b2 88.Qc7+ Kd1 89.Qb6 g3 90.f6 Qf2 91.Qb3+ Ke1
92.f7 Qf6+ 93.Kh5 Qxf7+ 94.Qxf7 b1=Q 95.Qf3 Qd1 96.Kg4 g2  0-1

[Event "2nd It"]
[Site "Odivelas POR"]
[Date "2001.11.16"]
[Round "11"]
[White "Luyks,M"]
[Black "Roeder,M"]
[Result "1/2-1/2"]
[WhiteElo "2153"]
[BlackElo "2469"]

1.d4 Nf6 2.c4 e6 3.g3 Bb4+ 4.Bd2 Be7 5.Bg2 d5 6.Nf3 O-O 7.Qc2 c6 8.O-O b6
9.Bg5 Nbd7 10.Nbd2 Bb7 11.Bxf6 Nxf6 12.e4 dxe4  1/2-1/2

[Event "39th BPCL ch-IND"]
[Site "Nagpur IND"]
[Date "2002.01.30"]
[Round "14"]
[White "Sriram,J"]
[Black "Gokhale,C"]
[Result "1-0"]
[WhiteElo "2408"]
[BlackElo "2407"]

1.d4 Nf6 2.c4 e6 3.g3 Bb4+ 4.Bd2 Qe7 5.Bg2 Nc6 6.Nf3 Bxd2+ 7.Nbxd2 O-O 8.O-O d6
9.e4 e5 10.d5 Nb8 11.Qc2 a5 12.b3 Na6 13.a3 c5 14.Ne1 Nh5 15.Nd3 f5 16.f4 fxe4
17.Nxe4 exf4 18.Rae1 fxg3 19.Nf6+ Qxf6 20.Rxf6 gxh2+ 21.Kxh2 Nxf6 22.Nf4 Ng4+
23.Kg3 Bf5 24.Be4 Nh6 25.Ne6 Rf6 26.Bxf5 Nxf5+ 27.Kh3 Re8 28.Re4 Re7 29.Kh2 Nb8
30.Rf4 Nd4 31.Rxf6  1-0

[Event "Anibal Open"]
[Site "Linares ESP"]
[Date "2002.03.07"]
[Round "7"]
[White "Franco Alonso,A"]
[Black "Kallio,H"]
[Result "0-1"]
[WhiteElo "2383"]
[BlackElo "2522"]

1.d4 Nf6 2.c4 e6 3.g3 Bb4+ 4.Bd2 a5 5.Bg2 O-O 6.Nf3 d5 7.Qc2 Nc6 8.O-O Ne4
9.Be3 Be7 10.Nc3 Nb4 11.Qc1 Nxc3 12.Qxc3 dxc4 13.Qxc4 b5 14.Qxb5 Ba6 15.Qa4 Bxe2
16.Rfe1 Bxf3 17.Bxf3 Nd5 18.Rac1 Bb4 19.Re2 Nxe3 20.fxe3 Ra7 21.Qb5 Bd6 22.Kg2 Qe7
23.b3 g6 24.Rc6 Rd8 25.Rd2 h5 26.Rd3 h4 27.e4 Kg7 28.e5 Qg5 29.Qc4 Bb4 30.d5 hxg3
31.hxg3 Qxe5 32.Qd4 Qxd4 33.Rxd4 e5 34.Rdc4 Bd6 35.Ra4 f5 36.Be2 Rda8 37.Bb5 e4
38.Rc1 Rb8 39.Bd7 Rb4 40.Rc4 Rxc4 41.Rxc4 Rb7 42.Ra4 Bb4 43.Bc6 Rb8 44.Kf2 Kf6
45.Ke2 Ke5 46.Kd1 g5 47.a3 Bd6 48.Kc2 Rh8 49.Rxa5 Rh2+ 50.Kc3 Rg2 51.Ra8 Rxg3+
52.Kc4 Rg1 53.Re8+ Kf4 54.a4 Ra1 55.b4 g4  0-1

[Event "57th ch-YUG"]
[Site "Banja Koviljaca YUG"]
[Date "2002.03.28"]
[Round "12"]
[White "Antic,D"]
[Black "Ilincic,Z"]
[Result "1-0"]
[WhiteElo "2470"]
[BlackElo "2534"]

1.d4 Nf6 2.c4 e6 3.g3 Bb4+ 4.Bd2 c5 5.Bg2 Qb6 6.d5 O-O 7.Nc3 d6 8.e4 exd5
9.cxd5 Nbd7 10.Nge2 Ne5 11.O-O Bd7 12.h3 h6 13.Rb1 Rfe8 14.a3 Bxc3 15.Nxc3 a5
16.b3 Qa6 17.f4 Ng6 18.a4 b5 19.axb5 Bxb5 20.Nxb5 Qxb5 21.e5 dxe5 22.fxe5 Nxe5
23.Bxh6 gxh6 24.Rxf6 Kg7 25.Rf5 Rab8 26.Qh5 Qd3 27.Rbf1 Qxg3 28.Kh1 c4 29.Be4 cxb3
30.Rxf7+ Kg8 31.Qxh6  1-0

[Event "III Open"]
[Site "Dos Hermanas ESP"]
[Date "2002.04.06"]
[Round "2"]
[White "Lalic,B"]
[Black "Dickl,E"]
[Result "1-0"]
[WhiteElo "2523"]
[BlackElo "2230"]

1.d4 Nf6 2.c4 e6 3.g3 Bb4+ 4.Bd2 a5 5.Bg2 d5 6.Nf3 O-O 7.O-O c6 8.Qc2 Re8
9.Bf4 Bd6 10.c5 Bxf4 11.gxf4 b6 12.cxb6 Qxb6 13.Nc3 Nfd7 14.e3 Ba6 15.Rfc1 Bb5
16.Nxb5 Qxb5 17.Ne1 c5 18.dxc5 Rc8 19.Nd3 Na6 20.c6 Ndb8 21.Ne5 Nb4 22.Qc5 Qxc5
23.Rxc5 N8xc6 24.a3 Nxe5 25.Rxc8+ Rxc8 26.axb4 Nd3 27.bxa5 Nxb2 28.a6 Nc4
29.a7 Nb6 30.Rb1 Na8 31.Rb8 Rf8 32.e4 dxe4 33.Bxe4 Nc7 34.Bxh7+  1-0